Most Extreme Countries in North America - Statistics

General Stats
  • This quiz has been taken 28 times
  • The average score is 9 of 15
Answer Stats
Category Country % Correct
Most populous United States
100%
Largest, counting inland water Canada
95%
Most obese United States
86%
Most immigration Canada
76%
Poorest (by GDP/capita at PPP) Haiti
71%
Largest economy (by GDP at PPP) United States
62%
Most electricity generation United States
62%
Oldest population Canada
57%
Highest fertility rate Guatemala
52%
Highest energy consumption rate per capita Canada
48%
Lowest unemployment rate Cuba
48%
Most merchant ships Panama
48%
Highest education expenditure (compared to GDP) Belize
29%
Least external debt Saint Kitts and Nevis
29%
Greatest budget surplus (compared to GDP) Grenada
14%
No matching quizzes found
Score Distribution
Percent of People with Each Score
Percentile by Number Answered
Your Score History
You have not taken this quiz